Television engineering and video systems (Record no. 12596)
[ view plain ]
| 000 -LEADER | |
|---|---|
| fixed length control field | 00399nam a22001577a 4500 |
| 020 ## - INTERNATIONAL STANDARD BOOK NUMBER | |
| International Standard Book Number | 9780071077811 |
| 082 ## - DEWEY DECIMAL CLASSIFICATION NUMBER | |
| Classification number | 621.388 GUP |
| 100 ## - MAIN ENTRY--PERSONAL NAME | |
| Personal name | Gupta, R.G. |
| 245 ## - TITLE STATEMENT | |
| Title | Television engineering and video systems |
| 250 ## - EDITION STATEMENT | |
| Edition statement | 2nd ed. |
| 260 ## - PUBLICATION, DISTRIBUTION, ETC. | |
| Place of publication, distribution, etc. | New Delhi, India |
| Name of publisher, distributor, etc. | McGraw Hill |
| Date of publication, distribution, etc. | 2011 |
| 300 ## - PHYSICAL DESCRIPTION | |
| Extent | xxvi, 581 p. |
| Other physical details | ill. ; |
| 500 ## - GENERAL NOTE | |
| General note | Includes index. |
| 650 ## - SUBJECT ADDED ENTRY--TOPICAL TERM | |
| Topical term or geographic name entry element | Television engineering |
| 942 ## - ADDED ENTRY ELEMENTS (KOHA) | |
| Koha item type | Book |
| Withdrawn status | Lost status | Damaged status | Not for loan | Collection code | Permanent Location | Current Location | Shelving location | Date acquired | Source of acquisition | Cost, normal purchase price | Total Checkouts | Full call number | Barcode | Date last seen | Date last checked out | Price effective from | Koha item type |
|---|---|---|---|---|---|---|---|---|---|---|---|---|---|---|---|---|---|
| Central Library (CL) | Central Library (CL) | General Stacks | 12/27/2013 | Allied Book Company | 650.63 | 1 | 621.388 GUP | SEECS013126 | 08/25/2015 | 08/18/2015 | 01/11/2014 | Book |
